Η δόξα και το δράμα της Ελλάδος : πατριωτικόν θεατρικόν έργον εις πράξεις τρεις
Αποθηκεύτηκε σε:
| Κύριος συγγραφέας: | |
|---|---|
| Μορφή: | Βιβλίο |
| Γλώσσα: | Greek |
| Δημοσίευση: |
Αθήνα :
[χ.ό.],
1952.
|
| Θέματα: | |
| Ετικέτες: |
Προσθήκη ετικέτας
Δεν υπάρχουν, Καταχωρήστε ετικέτα πρώτοι!
|
MARC
| LEADER | 00000cam a2200000 i 4500 | ||
|---|---|---|---|
| 001 | 1/84765 | ||
| 008 | 050905s1952 gr | ||| |||| ||gre|| | ||
| 035 | |l 10080102 | ||
| 040 | |a GR-MY-UA |b gre |e aacr | ||
| 041 | 0 | |a gre | |
| 082 | 7 | |a 889.2 |2 (22) | |
| 100 | 1 | |a Σαμουήλ, Γεώργιος Α. | |
| 245 | 1 | 2 | |a Η δόξα και το δράμα της Ελλάδος : |b πατριωτικόν θεατρικόν έργον εις πράξεις τρεις / |c Γεωργίου Α. Σαμουήλ. |
| 260 | |a Αθήνα : |b [χ.ό.], |c 1952. | ||
| 300 | |a 160 σ. : |b εικ. ; |c 22 εκ. | ||
| 500 | |a Με: Η χαρτοπαίχτρα / Δημήτριος Ψαθάς. - Κίμων ο Αθηναίος / Σάββας Αντωνίου. - Ο Άγιος Κοσμάς ο Αιτωλός / Σάββας Αντωνίου. - Μεσολόγγι / Ξενοφώντα Στεργίου (Στεργιανού). - Οι βρυκόλακες / Ερρίκου Ίψεν. - Ο Συμβολαιογράφος / Αλέξανδρου Ραγκαβή. - Καλιγούλας / Άλπερ Καμύ | ||
| 650 | 0 | 0 | |a Greek drama, Modern. |
| 852 | |a INST |b RHODES |c KRI |e 20050905 |h 889.2 ΣΑΜ |p 005400022488 |q 005400022488 |t BK |y 0 | ||
| 901 | |a BIBL4-2005-3 | ||
| 909 | |a Ρ |b 122299 | ||
| 970 | |a ΣΙΔΕΡΗ |b ΝΕΚΤΑΡΙΑ |z 2005/09/05 | ||